| 000 | 01148nam2a22002531 4500 | ||
|---|---|---|---|
| 001 | v19\rc\1300294 | ||
| 005 | 20250618021055.0 | ||
| 035 | _a(NLR Aleph) 004445913 | ||
| 090 |
_a4446390 _c4446390 |
||
| 100 | _a20060306d1866 |||y0rusy50 ca | ||
| 101 | 0 | _arus | |
| 102 | _aRU | ||
| 105 | _ay z ||||| | ||
| 200 | 0 | _a... с 1-го окт. 1864 г. по 1-е янв. 1866 г. | |
| 215 | _a10 с. | ||
| 461 | 0 |
_1001v19\rc\1300293 _12001#$aОтчет Правления Молитвенного дома № 16 при доме Греческого училища в Одессе...$v... с 1-го окт. 1864 г. по 1-е янв. 1866 г.$90 _94446387 _aОдесский молитвенный дом (16) _cОдесса _d1866 _p1 т. _tОтчет Правления Молитвенного дома № 16 при доме Греческого училища в Одессе... _v... с 1-го окт. 1864 г. по 1-е янв. 1866 г.$90 |
|
| 801 | 0 |
_aRU _bNLR _gpsbo |
|
| 801 | 0 |
_aRU _bRuMoRGB _2psbo |
|
| 801 | 1 |
_aRU _bProSoft-M _2rusmarc |
|
| 852 |
_aNLR _j18.94.4.411 |
||
| 899 |
_aRuMoRGB _jE 80/256 |
||
| 899 | _aБАН | ||
| 942 | _cBOOK | ||
| 980 | _aNB | ||